Prácticas morales: una aproximación a la educación moral
Na minha lista:
| Autor principal: | |
|---|---|
| Formato: | Livro |
| Idioma: | espanhol |
| Publicado em: |
Barcelona
Paidós Ibérica
2003
|
| Colecção: | Papeles de Pedagogía, 60
|
| Assuntos: | |
| Tags: |
Adicionar Tag
Sem tags, seja o primeiro a adicionar uma tag!
|
MARC
| LEADER | 00000nam a2200000 a 4500 | ||
|---|---|---|---|
| 001 | UCL8713 | ||
| 003 | CL-VaPUC | ||
| 008 | 040702e20030000SP |||||||||||||||||spa|d | ||
| 020 | |a 8449314437 | ||
| 082 | 0 | 4 | |a 370.114 |b PUI |2 21 |
| 100 | 0 | |a Puig Rovira, Josep María |e author |9 486676 | |
| 245 | 1 | 0 | |a Prácticas morales: una aproximación a la educación moral |
| 300 | |a 268 p | ||
| 942 | |c BK | ||
| 945 | |d 20040702 00:00:00 |a cmena | ||
| 260 | |a Barcelona |b Paidós Ibérica |c 2003 | ||
| 650 | 0 | |a Educación moral |9 308319 | |
| 650 | 0 | |a Valores morales |9 310604 | |
| 650 | 0 | |a Comportamiento moral |9 334569 | |
| 650 | 0 | |a Planificación del currículo |9 269599 | |
| 583 | |a last modification |c 20040702 00:00:00 |k Rodrigo Vera | ||
| 490 | 0 | |a Papeles de Pedagogía, 60 | |
| 999 | |c 309884 |d 309882 | ||
| 952 | |0 0 |1 0 |4 0 |6 370_114000000000000_PUI_2003 |7 0 |8 A |9 377729 |a BIBEDU |b BIBEDU |d 2019-11-21 |i 4033183 |l 4 |m 2 |o 370.114 PUI 2003 |p 4033183 |q 2024-08-02 |r 2024-07-03 |s 2024-07-03 |w 2019-11-21 |y BK |k EPE | ||
| 952 | |0 0 |1 0 |4 0 |6 370_114000000000000_PUI_2003 |7 0 |8 A |9 377730 |a BIBEDU |b BIBEDU |d 2019-11-21 |i 4118634 |o 370.114 PUI 2003 |p 4118634 |r 2019-11-21 |w 2019-11-21 |y BK |k PAR | ||